The awakening of Japan

Okakura Kakuzō (1862 – 1913), the author of The Book of Tea, was a Japanese scholar who contributed to the artistic development of his native country.

Đã lưu trong:
書目詳細資料
主要作者: Okakura-Kakuzo
格式: 圖書
語言:Undetermined
出版: New York The Century Co. 1904
主題:
標簽: 添加標簽
沒有標簽, 成為第一個標記此記錄!
Thư viện lưu trữ: Trung tâm Học liệu Trường Đại học Cần Thơ
LEADER 00693nam a2200205Ia 4500
001 CTU_222046
008 210402s9999 xx 000 0 und d
082 |a 952 
082 |b O.41 
100 |a Okakura-Kakuzo 
245 4 |a The awakening of Japan 
245 0 |c Okakura-Kakuzo 
260 |a New York 
260 |b The Century Co. 
260 |c 1904 
520 |a Okakura Kakuzō (1862 – 1913), the author of The Book of Tea, was a Japanese scholar who contributed to the artistic development of his native country. 
650 |a Japan,Nhật Bản 
650 |x History,Lịch sử 
904 |i Nguyễn An Khang,Hải 
980 |a Trung tâm Học liệu Trường Đại học Cần Thơ